000 00961nam a22002531u 4500
001 06036
003 HDC
007 cr bn ---aaaaa
008 210122p2014 | d 00 engg
040 _aHDC
245 0 _aREPORT ON COMPETITIVENESS : NATURAL-BORN CLUSTERS
260 _a[no place] :
_b[publisher not identified],
_c2014
300 _a 1 online resource (82 pages)
336 _atext
_2rdacontent
337 _acomputer
_2rdamedia
338 _aonline resource
_2rdacarrier
650 _aeconomy
_91877
650 _ahalal hub
_92262
856 _zRequest full-text at [email protected]
856 _zRequest full-text at [email protected]
942 _2lcc
942 _cEIS
942 _kREPT 000248
999 _c3360
_d3360